[Event "Canarias-ch U20 Girls"]
[Site "Vecindario"]
[Date "2010.06.11"]
[Round "4"]
[White "Capote Robayna, Johanna"]
[Black "Maniukova, Veronika"]
[Result "1-0"]
[WhiteElo "1748"]
[BlackElo "1658"]
[PlyCount "131"]
[EventDate "2010.06.10"]
[EventType "tourn"]
[EventRounds "7"]
[EventCountry "ESP"]
[SourceTitle "EXT 2012"]
[Source "ChessBase"]
[SourceDate "2011.11.24"]
[SourceVersion "1"]
[SourceVersionDate "2011.11.24"]
[SourceQuality "1"]

1. e4 c5 2. Nf3 d6 3. d4 cxd4 4. Nxd4 Nf6 5. Nc3 g6 6. Be3 Bg7 7. f3 0-0 8. Qd2 Nc6 9. g4 Bd7 10. 0-0-0 a5 11. h4 a4 12. a3 b5 13. Bxb5 Nxd4 14. Bxd4 Bxb5 15. Nxb5 Qb8 16. Nc3 Qb7 17. Ne2 Rfb8 18. h5 Nd7 19. Bxg7 Kxg7 20. Qc3+ Kg8 21. hxg6 fxg6 22. Rxh7 Qxb2+ 23. Qxb2 Rxb2 24. Kxb2 Kxh7 25. Nc3 Ne5 26. Nd5 Rb8+ 27. Kc1 Rb7 28. Rh1+ Kg7 29. Rh3 Nc4 30. f4 e6 31. Nc3 Ra7 32. Nb5 Rb7 33. Rc3 d5 34. Nd4 Kf6 35. g5+ Kf7 36. Nc6 Kg7 37. exd5 exd5 38. Rd3 Rd7 39. Nb4 Nb6 40. Nc6 Nc4 41. Nb4 Nb6 42. Rd4 Kf7 43. Nd3 Nc4 44. Nc5 Re7 45. Rxd5 Re1+ 46. Rd1 Rxd1+ 47. Kxd1 Nxa3 48. Nxa4 Ke6 49. Nc3 Kf5 50. Ne2 Nc4 51. Ke1 Ne3 52. Kd2 Nc4+ 53. Kd3 Nd6 54. c4 Nb7 55. Kd4 Nd8 56. Kd5 Ne6 57. Nd4+ Nxd4 58. Kxd4 Kxf4 59. c5 Kxg5 60. c6 Kh4 61. c7 g5 62. c8Q g4 63. Ke4 Kg3 64. Qc3+ Kh2 65. Kf4 Kg1 66. Kxg4 1-0